[Event "Panchenko Memorial-B 2018"]
[Site "Chelyabinsk"]
[Date "2018.10.12"]
[Round "7"]
[White "Tologontegin, Semetey"]
[Black "Mokin, Nikolai"]
[Result "0-1"]
[WhiteElo "2419"]
[BlackElo "2253"]
[Annotator "TA"]
[PlyCount "106"]
[EventDate "2018.10.06"]
[EventCountry "RUS"]
[SourceTitle "playchess.com"]
[Source "ChessBase"]
[SourceQuality "1"]

{[%evp 17,106,30,26,22,33,45,43,16,27,-4,27,8,35,24,19,19,35,27,43,34,45,31,27,18,41,0,0,0,17,15,21,-15,33,-6,-5,-35,-23,-64,-44,-79,-77,-77,-53,-68,-51,-104,-73,-106,-68,-134,-80,-126,-83,-122,-67,-100,-57,-323,-296,-275,-210,-807,-806,-786,-782,-943,-921,-2289,-2156,-2258,-1963,-1885,-1884,-1488,-1158,-1656,-1814,-1498,-900,-869,-850,-29970,-5393,-29977,-29978,-29990,-29986,-29978,-29976,-29976,-29975]} 1. d4 Nf6 2. Bg5 Ne4 3. Bf4 c5 4. f3 Qa5+ 5. c3 Nf6 6. d5 e6 7. e4 exd5 8. exd5 d6 {A45: Trompowsky Attack} 9. Qd2 Be7 {LiveBook: 33 Games} (9... Nbd7 10. c4 Qxd2+ 11. Kxd2 b5 12. Na3 a6 13. b3 b4 14. Nc2 a5 15. Bd3 Be7 16. a3 {1-0 (48) Yu,Y (2721)-Zhou,J (2635) Shenzhen 2016}) 10. c4 Qd8 {The position is equal.} 11. Nc3 O-O 12. Bd3 Nbd7 {[%cal Bb8d7,Bd7e5,Be5d3][%mdl 32]} 13. Nge2 Ne5 14. Ng3 Nxd3+ $146 ({Predecessor:} 14... Ne8 15. Be2 {1-0 (31) Legky,N (2420)-Aranovitch,E (2347) Paris 2015}) 15. Qxd3 Re8 16. O-O a6 17. a4 Bf8 18. Bg5 h6 19. Bd2 g6 20. b3 Bd7 21. Rae1 Rxe1 22. Rxe1 Bg7 23. Bf4 Qf8 24. Nce4 Ne8 25. Bd2 b5 26. axb5 axb5 27. cxb5 Rb8 28. b4 {[#]} f5 $1 29. Nf2 cxb4 30. Bxb4 Rxb5 31. Ba3 (31. Bc3 $15) 31... Nf6 $17 32. Qc4 Kh7 {...Qb8 is the strong threat.} 33. Rd1 (33. Qc7 $15) 33... Qe7 ({Better is} 33... Qb8 34. Qf4 Rxd5) 34. Bb4 Be8 {[%cal Bd7e8,Be8b5,Bb5d3][%mdl 32]} 35. Nf1 Rb8 ({Black should play} 35... Qb7 $17 36. Bc3 Bf7) 36. Re1 $15 Qd7 37. Nd3 $2 {[%mdl 8192]} (37. Ne3 $15) 37... Qa7+ $19 38. Nf2 Bb5 39. Qf4 $2 (39. Qc1) 39... Nxd5 40. Qxd6 Nxb4 41. Re7 {[#]} Qa1 $1 {[%csl Gb5][%cal Ra1f1][%mdl 512]} 42. Nd3 Bxd3 {[%csl Gd3][%cal Ra1f1]} 43. Rxg7+ Qxg7 44. Qxb8 Qd4+ 45. Kh1 Bxf1 46. Qb7+ Kg8 47. Qc8+ Kf7 {Threatens to win with ...Nd3.} 48. Qc7+ Kf6 49. Qb8 Nc6 (49... Qd2 $142 50. Qb6+ Kg5 51. Qg1 Qe2 52. h3 Nd5 53. h4+ Kh5 54. Qh2 {[#]} Nf4 $1 {[%mdl 512]} 55. g4+ fxg4 56. Qxe2 Nxe2 57. fxg4+ Kxg4 58. Kh2 Kf3 59. h5 Bg2 60. hxg6 Kf2 61. g7 Nd4 62. g8=Q Nf3#) 50. Qh8+ Kg5 {Black mates.} 51. Qe8 Qf2 {[%csl Gf2][%cal Rf1g2]} 52. f4+ Qxf4 53. Qxc6 {[#]} Bb5 $1 {Precision: White = 24%, Black = 59%.} 0-1

[Event "Panchenko Memorial-B 2018"]
[Site "Chelyabinsk"]
[Date "2018.10.12"]
[Round "7"]
[White "Frolov, Artiom"]
[Black "Gnusarev, Pavel"]
[Result "1-0"]
[WhiteElo "2383"]
[BlackElo "2320"]
[Annotator "NA"]
[PlyCount "77"]
[EventDate "2018.10.06"]
[EventCountry "RUS"]
[SourceTitle "playchess.com"]
[Source "ChessBase"]
[SourceQuality "1"]

1. e4 c5 2. Nf3 Nc6 3. d4 cxd4 4. Nxd4 Qb6 5. Nxc6 bxc6 6. Bd3 Nf6 7. O-O d6 8. b3 e5 9. Bb2 Be7 10. Kh1 O-O 11. Nd2 Bg4 12. f3 Be6 13. f4 exf4 14. Rxf4 Nd7 15. Nc4 Qc7 16. Rf1 Ne5 17. Ne3 g6 18. Nf5 f6 19. Nd4 Bd7 20. Be2 Kg7 21. c4 Rf7 22. Qd2 Re8 23. Rae1 Bf8 24. Bd1 a6 25. Bc3 Kg8 26. h3 Bc8 27. Bc2 Bb7 28. Ba5 Qc8 29. Ne2 Kg7 30. Rf2 Kg8 31. Ref1 Be7 32. Qf4 d5 33. Bc3 Bd6 34. Qh4 g5 35. Qh5 Qd8 36. Nd4 dxc4 37. Nf5 Bf8 38. Nh6+ Bxh6 39. Qxh6 1-0

[Event "Panchenko Memorial-B 2018"]
[Site "Chelyabinsk"]
[Date "2018.10.12"]
[Round "7"]
[White "Radzhabov, Rodion"]
[Black "Salemgareev, Tagir"]
[Result "1-0"]
[WhiteElo "2297"]
[BlackElo "2381"]
[Annotator "NA"]
[PlyCount "117"]
[EventDate "2018.10.06"]
[EventCountry "RUS"]
[SourceTitle "playchess.com"]
[Source "ChessBase"]
[SourceQuality "1"]

1. e4 c5 2. Nf3 d6 3. Bb5+ Nd7 4. a4 Ngf6 5. Nc3 g6 6. O-O Bg7 7. d3 O-O 8. a5 a6 9. Bc4 Ng4 10. Bb3 Nge5 11. Nd5 Nxf3+ 12. Qxf3 e6 13. Ne3 b5 14. axb6 Nxb6 15. Bd2 Nd7 16. Ra2 Ne5 17. Qg3 Rb8 18. Ba4 f5 19. f4 Nd7 20. Bb3 fxe4 21. Bxe6+ Kh8 22. Nc4 Nb6 23. Bxc8 Nxc4 24. dxc4 Qxc8 25. Bc3 Bd4+ 26. Qe3 Bxc3 27. Qxc3+ Kg8 28. b3 Qc6 29. Raa1 Rbe8 30. Qe3 Rf5 31. g4 Rf7 32. Rad1 a5 33. Rd5 a4 34. f5 gxf5 35. gxf5 Re5 36. Rxe5 dxe5 37. bxa4 Rg7+ 38. Kh1 Kf7 39. a5 h6 40. a6 Rg4 41. a7 Rf4 42. Rxf4 exf4 43. Qxf4 e3+ 44. Kg1 Qa8 45. Qxe3 Qxa7 46. Qe6+ Kg7 47. Qg6+ Kh8 48. Qxh6+ Kg8 49. Qg6+ Kh8 50. Qh6+ Kg8 51. f6 Qa1+ 52. Kg2 Kf7 53. Qg7+ Ke6 54. Qe7+ Kf5 55. f7 Qg7+ 56. Kf1 Qa1+ 57. Ke2 Kg6 58. f8=Q Qe5+ 59. Qxe5 1-0

[Event "Panchenko Memorial-B 2018"]
[Site "Chelyabinsk"]
[Date "2018.10.13"]
[Round "8"]
[White "Frolov, Artiom"]
[Black "Sitnikov, Anton"]
[Result "1/2-1/2"]
[WhiteElo "2383"]
[BlackElo "2446"]
[Annotator "TA"]
[PlyCount "30"]
[EventDate "2018.10.06"]
[EventCountry "RUS"]
[SourceTitle "playchess.com"]
[Source "ChessBase"]
[SourceQuality "1"]

{[%evp 12,17,12,2,10,9,43,34]} 1. e4 e6 2. d4 d5 3. exd5 exd5 4. Nf3 Nf6 5. Bd3 Bd6 6. O-O O-O 7. Re1 {LiveBook: 24 Games} Nc6 {C01: French: Exchange Variation} (7... Bg4 8. Bg5 h6 9. Bh4 Nbd7 10. Nbd2 c6 11. c3 Qc7 12. Qc2 Rfe8 13. Bg3 Bxg3 14. hxg3 Rxe1+ 15. Rxe1 Re8 16. Rxe8+ Nxe8 {½-½ (49) Aronian,L (2767)-Caruana,F (2822) chess.com INT 2018}) 8. c3 Bg4 9. Bg5 {Predecessor:} h6 $146 10. Bh4 Bf4 11. h3 Bxf3 12. Qxf3 Qd6 13. Bxf6 Qxf6 14. Qxd5 Rfe8 15. Na3 g6 {1-0 (59) Alinasab,M (2259)-Mayank,P (2100) Abu Dhabi 2018} 1/2-1/2

[Event "Panchenko Memorial-B 2018"]
[Site "Chelyabinsk"]
[Date "2018.10.13"]
[Round "8"]
[White "Salemgareev, Tagir"]
[Black "Khusenkhojaev, Muhammad"]
[Result "0-1"]
[WhiteElo "2381"]
[BlackElo "2443"]
[Annotator "TA"]
[PlyCount "84"]
[EventDate "2018.10.06"]
[EventCountry "RUS"]
[SourceTitle "playchess.com"]
[Source "ChessBase"]
[SourceQuality "1"]

{[%evp 22,84,28,16,29,22,25,28,13,0,0,0,26,0,4,0,0,0,-3,-50,-47,-48,-56,-439,-464,-452,-436,-408,-233,-533,-533,-557,-554,-549,-555,-551,-555,-555,-555,-525,-530,-851,-851,-841,-834,-1065,-1061,-29987,-1163,-1100,0,-1313,-1057,-1073,-650,-929,-929,-908,-899,-885,-897,-795,-704,-29989,-29989]} 1. d4 Nf6 2. c4 e6 3. g3 d5 4. Bg2 dxc4 5. Nf3 c5 6. O-O Nc6 7. Qa4 Bd7 8. Qxc4 cxd4 9. Nxd4 Rc8 10. Nc3 Nxd4 11. Qxd4 Bc5 12. Qh4 h6 {E04: Open Catalan: 5 Nf3} 13. Bxb7 Rb8 $1 {[%cal Rb8b7]} 14. Bf3 Rb4 {White has an edge.} 15. Qh3 e5 16. Qg2 Qc8 17. Rd1 (17. a3 Rb6 18. Nd5 Nxd5 19. Bxd5 O-O 20. Qe4 Bd4 21. e3 Bf5 22. Qf3 Bg4 23. Qe4 Bf5 24. Qf3 Bg4 25. Qe4 Bf5 26. Qf3 {½-½ (26) Sargissian,G (2691)-Harikrishna,P (2743) Batumi 2018}) 17... O-O $36 {[%mdl 2048] White is under pressure.} 18. Nd5 $146 ({Predecessor:} 18. a3 Rb6 19. e3 Bh3 20. Qh1 {0-1 (31) Vantika,A (1842)-Azimova,K (2063) Pune 2014}) 18... Nxd5 19. Bxd5 ({Don't play} 19. Rxd5 Bd4 $15) 19... Bd4 20. Rd2 Bh3 21. Qf3 Rb5 22. Bb3 $2 {[%mdl 8192] [#]} ({Better is} 22. Qe4 $15) 22... e4 $1 $19 {[%cal Re4f3][%mdl 512]} 23. Qf4 {[#]} (23. Qxe4 Bxf2+) 23... Bxf2+ $1 {[%mdl 512]} 24. Kxf2 ({But not} 24. Qxf2 $2 Rf5 $19) 24... Rf5 (24... e3+ $142 25. Kxe3 Re8+ 26. Kd3 Bf5+ 27. e4 Rxe4 28. Qxe4 Bxe4+ 29. Kxe4 Qf5+ 30. Kd4 Rb8) 25. Rc2 $2 (25. Rd5 Rxf4+ 26. Bxf4) 25... Rxf4+ 26. Bxf4 {[#]} e3+ $1 {[%mdl 512]} 27. Kxe3 Re8+ 28. Kf2 Qb7 29. Rg1 Qb6+ 30. e3 g5 31. Rc3 gxf4 32. gxf4+ Kf8 33. Rd1 Qf6 34. Kg3 Qf5 (34... Qg7+ $142 35. Kxh3 h5 36. Rg1 Qxg1 37. Bd1 Qxd1 38. Kg3 Qg1+ 39. Kf3 Qxh2 40. a3 Qxb2 41. Rd3 h4 42. e4 h3 43. e5 Qg2+ 44. Ke3 Qg1+ 45. Ke2 h2 46. Rd1 Qg4+ 47. Kd2 Qf3 48. Kc2 Rc8+ 49. Kb2 Qxd1 50. a4 Qxa4 51. f5 h1=Q 52. f6 Rc2#) 35. Kf2 Qf6 $2 (35... Qg4 $19 {( -> ...Qg2+)} 36. Rg1 Qh4+ 37. Rg3 Rd8) 36. Rg1 $2 {[%mdl 8192]} (36. Kg3 $11) 36... Qh4+ 37. Rg3 Be6 38. Bxe6 Qxh2+ 39. Rg2 Qh4+ 40. Ke2 Rxe6 41. Rc8+ Re8 42. Rc4 Qh3 {Precision: White = 31%, Black = 83%.} 0-1

[Event "Panchenko Memorial-B 2018"]
[Site "Chelyabinsk"]
[Date "2018.10.13"]
[Round "8"]
[White "Tosic, Miroslav"]
[Black "Radzhabov, Rodion"]
[Result "1/2-1/2"]
[WhiteElo "2364"]
[BlackElo "2297"]
[Annotator "TA"]
[PlyCount "114"]
[EventDate "2018.10.06"]
[EventCountry "RUS"]
[SourceTitle "playchess.com"]
[Source "ChessBase"]
[SourceQuality "1"]

{[%evp 16,114,6,0,0,0,20,0,0,0,0,0,0,0,0,-27,0,-33,0,-9,-8,0,-11,-1,24,19,12,12,54,30,25,0,0,0,0,0,0,0,7,0,104,20,90,12,125,0,0,8,67,0,0,0,0,0,0,0,0,0,0,0,0,0,0,0,0,0,0,-60,-71,-81,-77,-91,-111,-92,-88,-122,0,0,0,0,0,0,0,-58,0,0,0,-58,-58,-58,-58,-58,-58,-58,-58,-59,0,0,0,-73,0]} 1. d4 Nf6 2. Nf3 e6 3. e3 d5 4. Bd3 c5 5. O-O Nc6 6. b3 Bd6 7. Bb2 O-O 8. a3 b6 9. Nbd2 Bb7 {D05: Colle System with ...e6} 10. Re1 (10. Qe2 Rc8 11. Rad1 cxd4 12. exd4 Qe7 13. Ra1 Qc7 14. g3 Ne7 15. Rac1 Qb8 16. Rfe1 Rc7 17. Ng5 {½-½ (43) Rakhmanov,A (2676)-Azarov,S (2582) Minsk 2017}) 10... Ne7 $146 ({Predecessor:} 10... Ne4 11. Nxe4 dxe4 12. Bxe4 Qe7 13. c4 f5 14. Bd3 e5 15. dxe5 Nxe5 16. Nxe5 Bxe5 17. Qc2 {1-0 (49) Mamedjarova,Z (2298)-Skripchenko,A (2399) Heraklio 2017}) 11. e4 dxe4 {The position is equal.} 12. Nxe4 Nxe4 13. Bxe4 Bxe4 14. Rxe4 Nf5 15. Qd3 Be7 16. Ne5 cxd4 17. g4 Nh4 {Hoping for ...Qd5.} 18. Rxd4 Qc8 19. Qe4 f5 20. gxf5 Nxf5 21. Rd7 Bf6 22. Rad1 Qe8 23. Qg4 Rc8 24. c4 $36 {[%mdl 2048] White is pushing.} Rc5 25. Qe2 Nh4 {Strongly threatening ...Bxe5.} 26. f4 Qa8 27. R1d3 Qe8 (27... Rxe5 $11 28. Bxe5 (28. fxe5 Bg5 $11) 28... Bxe5 29. fxe5 Nf3+ 30. Rxf3 Rxf3) 28. Qg4 ({White should play} 28. Rxa7 $16 Bxe5 29. Bxe5 Rxe5 30. Qxe5 Qg6+ 31. Kf2) 28... Nf5 (28... b5 $11) 29. Rxa7 (29. a4 $16) 29... b5 (29... Rxe5 $1 $11 {keeps the balance.} 30. fxe5 Be7) 30. Rb7 (30. Rdd7 $16 {Threatens to win with Nd3.} bxc4 31. bxc4) 30... bxc4 $11 31. bxc4 {next Rdd7 is good for White.} Rc8 (31... Qa4 $11) 32. Rdd7 (32. Nd7 $1 $14 Bxb2 33. Nxf8) 32... Rd8 {...Rxd7 is the strong threat.} 33. Qd1 Rb8 34. c5 Rxb7 35. Rxb7 Qc8 36. c6 {aiming for Qd7.} Bxe5 $1 37. Bxe5 Qxc6 38. Qd7 Qc1+ 39. Kf2 {[%cal Rd7g7]} Qe3+ 40. Kf1 Qf3+ 41. Ke1 (41. Kg1 $11 Qg4+ 42. Kf1) 41... Qh1+ $15 42. Kd2 {[%cal Rd7g7] White wants to mate with Qxg7+!} Qxh2+ 43. Kc1 {[%cal Rd7g7] Intending Qxg7+! and mate.} Qg1+ 44. Kb2 Qg2+ 45. Kb3 {[#]} Qg3+ (45... h5 $1 $17 {[%cal Rh5h4] And now ...h4 would win.} 46. Qxe6+ Kh7) 46. Ka2 $11 Qg6 47. a4 {[%cal Ba3a4,Ba4a5,Ba5a6][%mdl 32]} h5 {[%cal Bh7h5,Bh5h4][%mdl 32]} 48. a5 Ra8 49. Ra7 ({Better is} 49. Rb8+ $1 $11 Rxb8 50. Bxb8) 49... Rxa7 (49... Qg2+ $15 50. Ka3 Qf3+ 51. Kb4 Qe4+ 52. Kb5 Rxa7 53. Qxa7 h4) 50. Qxa7 Qg2+ 51. Bb2 (51. Ka3 $11) 51... Qd5+ $15 52. Ka3 $1 h4 53. a6 $1 Qa5+ 54. Kb3 Qb5+ $1 55. Ka3 Qa5+ (55... h3 $1 $15 56. Qb7 Qa5+ 57. Kb3 h2) 56. Kb3 $11 Qb5+ (56... h3 $11 57. Qb8+ Kh7) 57. Ka3 $17 {[#]} Qa5+ {Precision: White = 47%, Black = 51%.} (57... h3 $1 $17 58. Qb7 Qa5+ 59. Kb3 h2) 1/2-1/2

[Event "Panchenko Memorial-B 2018"]
[Site "Chelyabinsk"]
[Date "2018.10.13"]
[Round "8"]
[White "Gnusarev, Pavel"]
[Black "Mokin, Nikolai"]
[Result "0-1"]
[WhiteElo "2320"]
[BlackElo "2253"]
[Annotator "NA"]
[PlyCount "159"]
[EventDate "2018.10.06"]
[EventCountry "RUS"]
[SourceTitle "playchess.com"]
[Source "ChessBase"]
[SourceQuality "1"]

1. d4 Nf6 2. g3 c5 3. d5 e6 4. c4 exd5 5. cxd5 d6 6. Nc3 g6 7. Bg2 Bg7 8. Nf3 O-O 9. O-O Na6 10. Nd2 Nc7 11. Nc4 b6 {A62: Modern Benoni: Fianchetto Variation without early ...Nbd7} 12. Nxd6 Ba6 13. Bf4 Nh5 14. Nde4 Nxf4 15. gxf4 Qh4 {[#]} 16. Qd2 $146 ({Predecessor:} 16. d6 Ne6 17. Qa4 Bb7 18. e3 Kh8 19. Ng3 Bxg2 20. Kxg2 {½-½ (31) Leitao,R (2636)-Rodrigues,E (2338) Joao Pessoa 2015}) 16... Bh6 17. Ng5 Rad8 18. Rfd1 f6 19. Nf3 $11 Qxf4 20. Qxf4 Bxf4 21. e3 Bd6 22. Ne4 Kg7 23. Rac1 Be2 24. Rd2 Bxf3 25. Bxf3 f5 26. Nxd6 Rxd6 27. b4 Na6 28. a3 cxb4 29. Be2 Nc5 30. axb4 Ne4 31. Ra2 Rf7 32. Rc8 Rxd5 33. Kg2 Rdd7 34. Bf3 Nd6 35. Rc6 Rfe7 36. h4 Nf7 37. Rc8 Rc7 38. Ra8 Red7 39. Kg3 Kf6 40. Rb8 Rd8 41. Rxd8 Nxd8 42. Rd2 Nf7 43. Ra2 Ne5 44. Be2 h6 45. Bb5 Nf7 46. Be2 Nd6 47. Bf3 g5 48. Rd2 Ke5 49. Rd5+ Ke6 50. Rd4 Rc3 51. Kg2 Rc2 52. Rd1 Rb2 53. hxg5 hxg5 54. Ra1 Rxb4 55. Rxa7 b5 56. Rg7 g4 57. Bc6 Rc4 58. Rg6+ Ke5 59. Rxd6 Kxd6 60. Bxb5 Rc3 61. Kg3 Ke5 62. Bd7 Kf6 63. Kg2 Kg5 64. Be6 Rc2 65. Kg3 Rc6 66. Bd7 Rd6 67. Bc8 Rb6 68. Bd7 Rb3 69. Kg2 Rc3 70. Be6 Kf6 71. Bd7 Rc7 72. Bb5 Kg5 73. Kg3 Rc3 74. Kg2 Kh4 75. Bd7 Rc5 76. Be6 Rb5 77. Bd7 Rb2 78. Kg1 g3 79. fxg3+ Kg4 80. Kf1 0-1

[Event "Panchenko Memorial-B 2018"]
[Site "Chelyabinsk"]
[Date "2018.10.13"]
[Round "8"]
[White "Smorchkov, Danil"]
[Black "Tologontegin, Semetey"]
[Result "1-0"]
[WhiteElo "2208"]
[BlackElo "2419"]
[Annotator "TA"]
[PlyCount "74"]
[EventDate "2018.10.06"]
[EventCountry "RUS"]
[SourceTitle "playchess.com"]
[Source "ChessBase"]
[SourceQuality "1"]

{[%evp 20,74,-6,-23,-9,-18,-15,-26,-13,-13,-8,-9,-4,-48,0,-11,0,-17,-12,-9,16,18,45,0,0,0,0,0,24,0,237,253,244,251,358,347,386,150,158,150,153,153,168,13,219,131,139,100,104,98,262,8,485,478,522,498,29967]} 1. e4 g6 2. d4 Bg7 3. Nc3 c6 4. Nf3 d6 5. Be2 Nf6 6. O-O O-O 7. Re1 Nbd7 8. Bf1 {B08: Pirc Defence: Classical System} (8. a4 e5 9. Be3 exd4 10. Bxd4 Re8 11. Bf1 Qc7 12. a5 Ne5 13. Nxe5 dxe5 14. Bc5 Rd8 15. Qc1 Be6 16. f3 Nd7 {½-½ (57) Cheparinov,I (2710)-Onischuk,V (2637) Riadh 2017}) 8... e5 9. h3 Qc7 10. Be3 b5 11. a3 {LiveBook: 3 Games} a6 12. Qd2 Bb7 13. Rad1 Rfe8 14. Bg5 $146 ({Predecessor:} 14. dxe5 dxe5 {½-½ (37) Mamyrbay,A (2284)-Zablotsky,S (2518) Pavlodar 2016}) 14... Rad8 15. Qc1 Nb6 16. Nh2 Rc8 17. dxe5 dxe5 18. Ng4 Nxg4 19. hxg4 f6 20. Be3 Rcd8 21. Bc5 Nd7 22. Bd6 Qb6 23. b4 Bf8 24. g5 f5 $2 (24... c5 $11 25. bxc5 Nxc5 26. Bxf8 Rxf8) 25. exf5 $18 {Threatens to win with Ne4.} gxf5 {[#]} 26. g6 $1 {[%cal Rg6h7][%mdl 512]} hxg6 (26... h6 $142 27. Qb2 Kg7) 27. Qg5 Kf7 {[#]} 28. g4 $2 (28. Na4 $1 $18 {[%cal Ra4b6][%mdl 512] and the rest is easy.} bxa4 29. Bc4+ Kg7 30. Rd3) 28... Nf6 $16 29. gxf5 gxf5 30. Bxe5 c5 31. Qxf5 $2 $40 {[%mdl 128] White has some attack.} (31. Rxd8 $18 Rxd8 32. Qxf5) 31... cxb4 $2 (31... Rxd1 $11 {and Black has nothing to worry.} 32. Rxd1 (32. Nxd1 $2 {perishes.} Qc6 $19) 32... Qe6 33. Qxf6+ (33. Rd7+ Re7 $11) 33... Qxf6 34. Bxf6 Kxf6) 32. Bd3 (32. Rxd8 $18 Rxd8 33. Ne4 Bxe4 34. Rxe4 bxa3 35. Rf4) 32... Bg7 33. Ne4 Bxe4 34. Bxe4 {Hoping for Rxd8.} bxa3 $2 {[#]} (34... Kg8 $16) 35. Bd5+ $2 ({White has to play} 35. Qg6+ $1 $18 Kf8 {[#]} 36. Bd5 $1 {[%mdl 512]} (36. Rxd8 Qxd8 37. Qf5 Kg8 $11) 36... Rxd5 37. Rxd5) 35... Kf8 $2 {[%mdl 8192]} (35... Rxd5 $11 {and Black stays safe.} 36. Rxd5 Qe6 37. Qxe6+ Rxe6) 36. Qg6 $18 {[%csl Gd5][%cal Rg6f7]} Re7 37. Bb3 Rxd1 {Precision: White = 44%, Black = 29%.} (37... a5 $18 38. Rf1 Rb7) 1-0

[Event "Panchenko Memorial-B 2018"]
[Site "Chelyabinsk"]
[Date "2018.10.14"]
[Round "9"]
[White "Sitnikov, Anton"]
[Black "Gnusarev, Pavel"]
[Result "1/2-1/2"]
[WhiteElo "2446"]
[BlackElo "2320"]
[Annotator "TA"]
[PlyCount "73"]
[EventDate "2018.10.06"]
[EventCountry "RUS"]
[SourceTitle "playchess.com"]
[Source "ChessBase"]
[SourceQuality "1"]

{[%evp 9,73,2,2,2,2,0,0,0,8,-38,-29,-56,-33,-46,0,-13,0,0,0,0,0,0,0,-8,0,0,-3,-64,4,4,4,3,4,3,66,66,68,37,60,52,83,78,98,8,15,0,5,0,0,0,0,0,0,0,0,0,0,0,0,-3,-3,-3,-4,-5,0,0]} 1. d4 Nf6 2. c3 d6 3. Bg5 Nbd7 4. Nd2 e5 5. e3 Be7 6. Bd3 {A45: Trompowsky Attack} d5 7. Ne2 O-O 8. O-O Re8 9. b4 $146 ({Predecessor:} 9. Rc1 c6 10. Bb1 Ng4 11. Bxe7 Qxe7 12. Ng3 Ngf6 {½-½ (53) Kovacevic,V (2545)-Ilincic,Z (2430) Yugoslavia 1989}) 9... a5 10. a3 Bd6 11. h3 exd4 12. Nxd4 Ne5 13. Bf5 h6 14. Bxc8 Rxc8 15. Bxf6 Qxf6 16. bxa5 c6 17. Qb3 Re7 18. e4 (18. c4 $11) 18... Nc4 ({Black should try} 18... Nd3 $15 19. exd5 Nf4) 19. Nxc4 $11 dxc4 20. Qxc4 Rxe4 {Hoping for ...Qe5.} 21. Qd3 Qf4 (21... Ree8 $11) 22. g3 $14 Qe5 23. a6 bxa6 24. Qxa6 Qe8 25. a4 Bc5 26. Nf3 (26. Qd3 $16) 26... Ra8 $11 {The position is equal.} 27. Qb7 Raxa4 {Threatens to win with ...Bxf2+!} 28. Rxa4 Rxa4 29. Re1 Re4 30. Qb1 Re2 31. Rxe2 Qxe2 32. Nd4 Qd2 33. Qb8+ Kh7 34. Qe5 Qxc3 35. Qf5+ Kg8 36. Qc8+ Kh7 {[#] aiming for ...Qa1+.} 37. Qf5+ {Precision: White = 53%, Black = 40%.} 1/2-1/2

[Event "Panchenko Memorial-B 2018"]
[Site "Chelyabinsk"]
[Date "2018.10.14"]
[Round "9"]
[White "Khusenkhojaev, Muhammad"]
[Black "Tosic, Miroslav"]
[Result "1/2-1/2"]
[WhiteElo "2443"]
[BlackElo "2364"]
[Annotator "TA"]
[PlyCount "39"]
[EventDate "2018.10.06"]
[EventCountry "RUS"]
[SourceTitle "playchess.com"]
[Source "ChessBase"]
[SourceQuality "1"]

{[%evp 13,14,37,29]} 1. Nf3 Nf6 2. c4 g6 3. g3 Bg7 4. Bg2 O-O 5. O-O d6 6. d4 Nbd7 7. Nc3 e5 {Predecessor:} 8. e4 $146 c6 9. h3 Qb6 10. Re1 exd4 11. Nxd4 Re8 12. Nc2 Ne5 13. b3 Be6 14. Ne3 Nfd7 15. Bb2 Nc5 16. Bf1 Bxh3 17. Bxh3 Ned3 18. Qc2 Nxb2 19. Bf1 Re6 20. Rab1 {0-1 (66) Van Wely,L (2642)-Adhiban,B (2668) Batumi 2018} 1/2-1/2

[Event "Panchenko Memorial-B 2018"]
[Site "Chelyabinsk"]
[Date "2018.10.14"]
[Round "9"]
[White "Tologontegin, Semetey"]
[Black "Salemgareev, Tagir"]
[Result "0-1"]
[WhiteElo "2419"]
[BlackElo "2381"]
[Annotator "TA"]
[PlyCount "130"]
[EventDate "2018.10.06"]
[EventCountry "RUS"]
[SourceTitle "playchess.com"]
[Source "ChessBase"]
[SourceQuality "1"]

{[%evp 14,130,2,0,10,8,7,-15,20,-24,-28,-31,-10,-13,-14,-34,-40,-108,-103,-128,-146,-150,-133,-141,-120,-131,-129,-132,-108,-146,-120,-138,-135,-131,-127,-137,-52,-52,-30,-38,-24,-41,-14,-37,0,-20,-9,-43,-41,-100,-97,-76,-22,-58,-47,-85,-91,-74,20,0,49,0,0,-74,-74,-104,-106,-151,-122,-626,-634,-556,-36,-30,-25,-41,-1,-282,0,0,0,0,0,0,0,0,0,-884,-872,-856,-825,-797,-805,-782,-734,-29984,-29985,-29985,-29986,-29986,-29987,-29987,-29988,-29988,-29989,-29989,-29990,-29992,-2285,-1585,-1546,-1436,-1415,-1320,-1167,-29981,-29982,-29982,-29983]} 1. d4 d5 2. Bg5 Nf6 3. Nd2 Bf5 4. e3 {[%cal Be2e3,Be3e4,Be4e5][%mdl 32]} e6 5. Bd3 Bxd3 6. cxd3 {D00: 1 d4 d5: Unusual lines} c6 7. Ngf3 Nbd7 8. O-O {LiveBook: 3 Games. The position is equal.} Bd6 9. e4 $146 ({Predecessor:} 9. Rb1 a5 10. Rc1 O-O 11. Nb1 Re8 12. Nc3 e5 13. Bh4 exd4 14. Nxd4 {0-1 (29) Chandler,P (2252)-Morozevich,A (2749) Mainz 2001}) 9... Be7 10. e5 Ng4 11. Bf4 h5 12. Nb3 Nh6 13. Qd2 Nf5 14. Rac1 a5 15. Na1 (15. Be3 $15) 15... Rg8 $1 $17 16. Nc2 g5 $1 {[%cal Rg5f4]} 17. Be3 g4 18. Nfe1 h4 19. Qe2 Qb6 20. Rb1 a4 21. b3 axb3 22. Rxb3 Qc7 23. Rb2 Ra4 24. f3 gxf3 ({Black should try} 24... g3 $17 25. h3 Qa5) 25. Nxf3 $15 Qa5 26. Ra1 Qa6 27. Bf2 Nf8 28. Qd2 Ng6 29. Kh1 Kd7 30. Rab1 b5 31. Qc1 (31. Ra1 $15) 31... Ra8 $1 $17 (31... Rxa2 $2 32. Rxa2 Qxa2 33. Ra1 $18) 32. Be1 Bf8 (32... Rxa2 $17 33. Rxa2 Qxa2) 33. Bb4 Bh6 ({Not} 33... Rxa2 $2 34. Rxa2 Qxa2 35. Bxf8 $16) 34. Bd2 Bxd2 35. Nxd2 Ke7 (35... Nxd4 $6 36. Nxd4 Rxd4 37. Nb3 $14) (35... Qc8 $17) 36. Nb3 {Strongly threatening Nc5.} Qc8 37. a3 Kf8 38. Ra1 (38. Nc5 $11) 38... Kg7 $1 39. Rba2 Qh8 40. Nb4 Qh5 41. Nc5 $2 {[%mdl 8192] [#]} (41. h3 $17) 41... Ng3+ $1 $19 {[%mdl 512]} 42. Kg1 {[#]} (42. hxg3 hxg3+) 42... Ne2+ $2 ({Black should play} 42... Rxa3 $3 $19 {[%mdl 512]} 43. hxg3 (43. Rxa3 Ne2+) 43... Rxa2 44. Rxa2 hxg3 45. Rxa8 Qh2+ 46. Kf1 Qh1+ 47. Ke2 Qxc1) 43. Rxe2 $1 $15 Qxe2 44. Nxa4 Rxa4 45. Qg5 $2 {[%mdl 8192]} ({But not} 45. Nxc6 Qxd3 46. Qf1 (46. Qg5 $2 Rc4 $19) 46... Qe3+ 47. Kh1 Nf4 $17) (45. h3 $1 $11) 45... h3 $2 (45... Qb2 $19 46. Qf6+ Kh6) 46. gxh3 $11 Ra8 {Threatens to win with ...Qb2.} 47. Rf1 {h4 is the strong threat.} Rxa3 48. h4 {aiming for h5.} Rb3 49. h5 Rb2 $40 {[%csl Gb2][%cal Re2h2][%mdl 128] White needs to defend precisely.} 50. h6+ $2 {[%mdl 8192]} (50. Rxf7+ $11 Kxf7 51. Qxg6+ Kf8 52. Qf6+ Ke8 53. Qxe6+ Kf8 54. Qf6+ Kg8 55. Qg6+ Kf8 56. Qf6+ Kg8 57. Qg6+ Kh8 58. Qe8+ Kh7 59. Qg6+ Kh8 60. Qe8+ Kh7 61. Qg6+ Kh8) 50... Kg8 $19 {[%csl Gb2][%cal Re2h2]} 51. h7+ Kh8 {[%csl Gb2][%cal Re2h2]} 52. Qf6+ Kxh7 {[%csl Gb2][%cal Re2h2]} 53. Qxf7+ Kh6 {[%csl Gb2][%cal Re2h2]} 54. Rf2 Qg4+ 55. Kh1 Rxb4 56. Rf1 Rb2 {[%csl Gb2][%cal Rg4g2]} 57. Rg1 Qh5 {[%csl Gh5][%cal Rb2h2]} 58. Rxg6+ Qxg6 {[%csl Gb2][%cal Rg6g2]} 59. Qf8+ Kg5 60. h4+ Kxh4 (60... Kg4 $142 61. Qf1 Qh6 62. Qg1+ Kxh4 63. Qg7 Rb1+ 64. Qg1 Rxg1+ 65. Kxg1 Qd2 66. Kf1 Kh3 67. Kg1 Qg2#) 61. Qf2+ {[#]} Qg3 $1 {( -> ...Rb1+)} 62. Qxb2 Qxd3 63. Qf2+ Kg4 64. Kh2 Qh3+ 65. Kg1 Qg3+ {Precision: White = 31%, Black = 52%.} 0-1